Datum a čas kvízu
35.5
Celkem bodů
Celkový počet nahraných bodů na tomto kvízu bez doplňovacích otázek.
2.
Pořadí na kvízu
Konečné umístění týmu na tomto kvízu.
Zaznamenané odpovědi
| # | Otázka | Odpověď | Body | Výsledky |
|---|---|---|---|---|
| 1. | Napište čtyři slova, jimiž něk... | Společnost pro podporu Ukrajiny | 0 | |
| 2. | Která velká evropská země schv... | Francie | 0 | |
| 3. | Která moderátorka oznámila, že... | Lucie Výborná | 1 | |
| 4. | Která značka představila minul... | Jawa | 1 | |
| 5. | Mistry republiky 2026 se o vík... | A | 0 | |
| 6. | Na obrázku níže můžete vidět d... | Drákula a Frankenstein | 1 | |
| 7. | Co by to bylo za hororové téma... | C | 1 | |
| 8. | Ze které (převážně videoherní)... | Resident Evil | 1 | |
| 9. | Přiřaďte herce a herečky k jej... | 1A 2B 3D 4C | 1 | |
| 10. | Čím je inspirován česko-americ... | D | 1 |